000 00506nam a2200145Ia 4500
008 100122s9999 xx 000 0 und d
082 _b1331
_a823
100 _aमित्र का र
245 _aसुशिक्षित स्त्री
260 _bमनोरंजक ग्रंथ प्रसारक मंडळी
_c1909
300 _a55
630 _aसुशिक्षित स्त्री
730 _aसुशिक्षित स्त्री
942 _cBOOK
999 _c396105
_d396102